Soccer Clubs to Countries - Statistics

General Stats
  • This quiz has been taken 5,652 times
    1,624 since last reset
  • The average score is 15 of 18
Answer Stats
Hint Answer % Correct
Chelsea England
99%
Juventus Italy
99%
Benfica Portugal
96%
Bayern Germany
95%
Ajax Netherlands
93%
Al-Nassr Saudi Arabia
93%
Real Sociedad Spain
91%
Celtic Scotland
90%
Galatasaray Turkey
88%
Palmeiras Brazil
86%
River Plate Argentina
85%
Olympiakos Greece
83%
Club America Mexico
81%
Young Boys Switzerland
73%
Shakhtar Ukraine
70%
Al Ahly Egypt
60%
Mamelodi Sundowns South Africa
50%
Partizan Serbia
49%
No matching quizzes found
Score Distribution
Percent of People with Each Score
Percentile by Number Answered
Your Score History
You have not taken this quiz since the last reset